| 000 | 00801cam4a220022900 4500 | ||
|---|---|---|---|
| 001 | tmp15726226 | ||
| 003 | UPRA | ||
| 005 | 20190814132042.0 | ||
| 008 | 951012s1981 sa eng u | ||
| 035 | _a(Sirsi) r24615 | ||
| 035 | _a(UPRA)tmp15726226 | ||
| 040 | _cUPRA | ||
| 100 | 1 |
_aHarrison, Gaisford G. _6A87312.1 |
|
| 245 | 1 | 4 |
_aThe place of anaesthetics as a discipline in contemporary medical practice : _bsome difficulties, dilemmas and directions. |
| 260 |
_aCapetown : _bUniversity, _c1981. |
||
| 440 | 0 |
_aInaugural lecture. New series ; _nInaugural lecture. New series ; _vno. 74 _6S4890.3 |
|
| 504 | _aIncludes bibliographical references. | ||
| 650 | 0 |
_aAnesthesia. _6S132.2 |
|
| 650 | 0 |
_aAnesthesiology. _6S4998.1 |
|
| 949 |
_aRD87 _wLC _i-24387 _mMEDICAL _tBOOK _lON-SHELF |
||
| 004 | 24615 | ||
| 999 |
_c55610 _d55610 |
||